TABUADA DO 13 - Statistics

Estatísticas Gerais
  • Esse quiz foi jogado 70 vezes
  • A pontuação média é 19 de 21
Estatísticas das Respostas
Hint Resposta % Correto
13x0 0
100%
13x1 13
100%
13x2 26
100%
13x3 39
100%
13x4 52
100%
13x5 65
98%
13x8 104
96%
13x9 117
96%
13x10 130
96%
13x6 78
96%
13x7 91
96%
13x11 143
91%
13x12 156
89%
13x13 169
89%
13x14 182
85%
13x15 195
85%
13x20 260
83%
13x16 208
81%
13x17 221
81%
13x18 234
81%
13x19 247
81%
Nenhum quiz correspondente encontrado
Distribuição das Pontuações
Porcentagem de Pessoas com Cada Pontuação
Percentil de Números Respondidos
Sua Pontuação Histórica
Você não jogou esse quiz